000 00661nam a2200217 i 4500
001 43213
003 ES-MaACL
005 20250806034443.0
007 t|
008 030317s1963 sp ||||1| spa d
080 _a159.923
100 1 _aCervantes, Lucius.
_937585
245 1 0 _aDios los creó hombre y mujer /
_cLucius Cervantes ; traducción, Odón Gómez Zurita.
260 _aBarcelona :
_bEstela,
_c[1963]
300 _a251 p. ;
_c19 cm.
650 7 _aAntropología teológica
_2embne
_9143894
650 7 _aÉtica sexual
_2embne
_912591
700 1 _aGómez Zurita, Odón.
_958199
852 4 _aES-MaACL
_jC-22805
999 _c43213
_d43213